000 00543nam a22002057a 4500
003 OSt
005 20140310182826.0
008 130528t xxu||||| |||| 00| 0 eng d
020 _a0812551915
050 _aQL 785
_b.St818 1995
082 _aM 156.3
_bSt3 19995
245 _aMysteries of animal intelligence
_cSteiger, Sherry Hansen
260 _aNew York
_bTom Doherty Associates, Inc.
_cc1995
300 _a194 p.
521 _acollege students
526 _c1210L-1700L
541 _j1
562 _e1
942 _2lcc
_cBK
_kM
999 _c16487
_d16487